RURAL MARKETING TEXT AND CASES (Record no. 9083)

MARC details
000 -LEADER
fixed length control field 00473nam a22001817a 4500
005 - DATE AND TIME OF LATEST TRANSACTION
control field 20260311150737.0
008 - FIXED-LENGTH DATA ELEMENTS--GENERAL INFORMATION
fixed length control field 260311b |||||||| |||| 00| 0 eng d
020 ## - INTERNATIONAL STANDARD BOOK NUMBER
ISBN 978-81-317-3263-2
041 ## - LANGUAGE CODE
Language code of text/sound track or separate title eng
082 ## - DEWEY DECIMAL CLASSIFICATION NUMBER
Classification number 658.83 KRI-R
100 ## - MAIN ENTRY--AUTHOR NAME
Personal name KRISHNAMACHARYULU, C.S.G AND RAMAKRISHNAN, LALITHA
245 ## - TITLE STATEMENT
Title RURAL MARKETING TEXT AND CASES
250 ## - EDITION STATEMENT
Edition statement 2ND ED.
260 ## - PUBLICATION, DISTRIBUTION, ETC. (IMPRINT)
Place of publication UTTAR PRADESH
Name of publisher PEARSON
Year of publication 2011
300 ## - PHYSICAL DESCRIPTION
Number of Pages 587
650 ## - SUBJECT ADDED ENTRY--TOPICAL TERM
Topical Term MANAGEMENT
942 ## - ADDED ENTRY ELEMENTS (KOHA)
Koha item type Books
Holdings
Lost status Damaged status Collection code Home library Current library Shelving location Date acquired Source of acquisition Cost, normal purchase price Serial Enumeration / chronology Full call number Accession Number Koha item type
    MANAGEMENT JRU Library JRU Library NEW ARRIVAL SHELF 09/03/2026 PURCHASE 850.00 LBI/000883 DATE-06/03/2026 658.83 29372 Books
    MANAGEMENT JRU Library JRU Library NEW ARRIVAL SHELF 09/03/2026 PURCHASE 850.00 LBI/000883 DATE-06/03/2026 658.83 29373 Books